000 00229nam a2200097Ia 4500
008 190216s9999||||xx |||||||||||||| ||und||
100 _aNull
245 0 _aHindi-Kale Pani Ka Sabg Panther Potidaleyar
260 _bNull
942 _cBK
999 _c17660
_d17660